| 000 | 00535nam a22001575i 4500 | ||
|---|---|---|---|
| 001 | 164032 | ||
| 003 | ES-MaACL | ||
| 005 | 20230906212847.0 | ||
| 008 | 940615s1897 fr a |||| | fre d | ||
| 040 |
_aCAM _bspa |
||
| 100 | 1 |
_aRoutier, Gaston. _9132116 |
|
| 245 | 1 | 2 |
_aL'Espagne en 1897 _b: (Avec sept portraits hors texte et cinq tableaux statistiques) / _cGaston Routier. |
| 260 |
_aParis : _bLibrairie H. Le Soudier, _c1897. |
||
| 300 |
_a[7], 344, IV p. [5] h. pl. lám. ; _c19 cm. |
||
| 852 |
_aES-MaACL _jG-11674 _z-- Enc. hol. |
||
| 999 |
_c164032 _d164032 |
||